Every Country in the O.T.S. - Statistics

General Stats
  • This quiz has been taken 3 times
  • The average score is 5 of 7
Answer Stats
Answer % Correct
Türkiye
100%
Hungary
67%
Kazakhstan
67%
Kyrgyzstan
67%
Turkmenistan
67%
Uzbekistan
67%
Azerbaijan
33%
No matching quizzes found
Score Distribution
Percent of People with Each Score
Percentile by Number Answered
Your Score History
You have not taken this quiz